000 00642nam a2200241Ia 4500
003 OSt
005 20221005065815.0
006 a|||||r|||| 00| 0
007 ta
008 221004b |||||||| |||| 00| 0 eng d
024 _a49205
037 _cTextual
040 _aCRL
_cCRL
_beng
041 _2eng
_aeng
082 _aXM2, M0
100 _aRyndina M. N. and others
_9605007
245 0 _aFundamentals of political economy
260 _aMoscow
_bProgress Publishers USSR
_c1980
300 _a287p.
_ccm.
650 _aECONOMICS
942 _hXM2, M0
_cTEXL
_2cc
999 _c975237
_d975237